Tìm hiểu việc rèn luyện kĩ năng sử dụng bảng số liệu thống kê và biểu đồ trong dạy học địa lí lớp 10 (BCB) ở một số trường THPT tại TP. Đà Nẵng - Tỉnh Quảng Nam

Cơ sở lí luận chung của việc rèn luyện kĩ năng sử dụng bảng số liệu thống kê và biểu đồ trong dạy học địa lí lớp 10 (BCB) . Thực trạng của việc rèn luyện kĩ năng sử dụng bảng số liệu thống kê và biểu đồ trong dạy học địa lí lớp 10 (BCB) ở một số trường THPT tại TP. Đà Nẵng - Tỉnh Quảng Nam. thực ngh...

Ful tanımlama

Kaydedildi:
Detaylı Bibliyografya
Yazar: Trần, Thị Duyên
Diğer Yazarlar: Nguyễn, Duy Hòa Th.S (Hướng dẫn)
Materyal Türü: Kitap
Dil:Vietnamese
Baskı/Yayın Bilgisi: Đại học Đà Nẵng Trường đại học Sư Phạm 2008
Seri Bilgileri:Khóa luận tốt nghiệp Đại học. Chuyên ngành: Sư phạm Địa lí
Konular:
Etiketler: Etiketle
Etiket eklenmemiş, İlk siz ekleyin!
Thư viện lưu trữ: Mạng thư viện Đại học Đà Nẵng
LEADER 01891nam a2200349 4500
001 000011242
003 7476
005 20120202160219.0
008 120202s2008 viesd
041 |a vie 
072 |a Khóa luận tốt nghiệp 
082 |a 912.071  |b TR-D 
100 |a Trần, Thị Duyên 
245 |a Tìm hiểu việc rèn luyện kĩ năng sử dụng bảng số liệu thống kê và biểu đồ trong dạy học địa lí lớp 10 (BCB) ở một số trường THPT tại TP. Đà Nẵng - Tỉnh Quảng Nam  |c Trần, Thị Duyên 
260 |a Đại học Đà Nẵng  |b Trường đại học Sư Phạm  |c 2008 
300 |a 57 tr.  |b Bảng  |c 29 cm 
490 |a Khóa luận tốt nghiệp Đại học. Chuyên ngành: Sư phạm Địa lí 
500 |a Tham khảo tr.57 + phụ lục bảng 
520 |a Cơ sở lí luận chung của việc rèn luyện kĩ năng sử dụng bảng số liệu thống kê và biểu đồ trong dạy học địa lí lớp 10 (BCB) . Thực trạng của việc rèn luyện kĩ năng sử dụng bảng số liệu thống kê và biểu đồ trong dạy học địa lí lớp 10 (BCB) ở một số trường THPT tại TP. Đà Nẵng - Tỉnh Quảng Nam. thực nghiêm sư phạm 
653 |a Khóa luận tốt nghiệp đại học 
653 |a Khoa Địa lí 
700 |a Nguyễn, Duy Hòa  |c Th.S  |e Hướng dẫn 
OWN |a LSP 
AVA |a UDN50  |b LSP  |d 912.071 TR-D  |e available  |t Error 5001 Not defined in file expand_doc_bib_avail.  |f 1  |g 0  |h N  |i 0  |k 1 
999 |a From the UDN01 
AVA |a UDN50  |b LSP  |d 912.071 TR-D  |e available  |t Error 5001 Not defined in file expand_doc_bib_avail.  |f 1  |g 0  |h N  |i 0  |k 1 
TYP |a Monograph 
TYP |a Printed language 
980 |a Mạng thư viện Đại học Đà Nẵng